Tepsi: test de desarrollo psicomotor 2-5 años

Uloženo v:
Podrobná bibliografie
Hlavní autor: Haeussler Pérez de Arce, Isabel Margarita (Autor)
Další autoři: Marchant Orrego, Teresa (autora)
Médium: Kniha
Jazyk:španělština
Vydáno: Santiago Universidad Católica de Chile 1988
Vydání:2a. ed
Edice:Aprendizaje
Témata:
Tagy: Přidat tag
Žádné tagy, Buďte první, kdo vytvoří štítek k tomuto záznamu!

MARC

LEADER 00000cam a2200000 a 4500
001 UCW3938
003 CL-VaPUC
008 890612e19880000CL |||||||||||||||||spa|d
020 |a 9561402126 
082 0 4 |a 155.4123  |b HAE  |2 21 
100 |a Haeussler Pérez de Arce, Isabel Margarita  |e author  |9 605317 
700 |a Marchant Orrego, Teresa  |e autora  |9 605316 
245 1 0 |a Tepsi: test de desarrollo psicomotor 2-5 años 
250 |a 2a. ed 
300 |a 144 p 
942 |c BK 
945 |d 19890612 00:00:00 
260 |a Santiago  |b Universidad Católica de Chile  |c 1988 
650 7 |a TEST DE DESARROLLO PSICOMOTOR  |2 CL-VaPUC  |9 308378 
650 0 |a Aptitud motora   |x Niños  |9 307455 
583 |a last modification  |c 20130506 02:46:45  |k Rodrigo Vera 
490 0 |a Aprendizaje 
999 |c 217790  |d 217788 
952 |0 0  |1 0  |4 0  |6 155_412300000000000_HAE_1988  |7 0  |8 R  |9 206233  |a BIBEDU  |b BIBEDU  |d 2019-11-15  |i 2740257  |o 155.4123 HAE 1988  |p 2740257  |r 2019-11-15  |w 2019-11-15  |y BK_R  |k EDU 
952 |0 0  |1 0  |4 0  |6 155_412300000000000_HAE_1988  |7 0  |8 A  |9 206236  |a BIBEDU  |b BIBEDU  |d 2019-11-15  |i 274029K  |o 155.4123 HAE 1988  |p 274029K  |r 2019-11-15  |w 2019-11-15  |y BK  |k EDU 
952 |0 0  |1 0  |4 0  |6 155_412300000000000_HAE_1988  |7 0  |8 A  |9 206237  |a BIBEDU  |b BIBEDU  |d 2019-11-15  |i 2740303  |o 155.4123 HAE 1988  |p 2740303  |r 2019-11-15  |w 2019-11-15  |y BK  |k EDU 
952 |0 0  |1 0  |4 0  |6 155_412300000000000_HAE_1988  |7 0  |8 A  |9 206238  |a BIBEDU  |b BIBEDU  |d 2019-11-15  |i 2740311  |o 155.4123 HAE 1988  |p 2740311  |r 2019-11-15  |w 2019-11-15  |y BK  |k EDU 
952 |0 0  |1 0  |4 0  |6 155_412300000000000_HAE_1988  |7 0  |8 R  |9 206239  |a BIBEDU  |b BIBEDU  |d 2019-11-15  |i 274032K  |o 155.4123 HAE 1988  |p 274032K  |r 2019-11-15  |w 2019-11-15  |y BK_R  |k EDU 
952 |0 0  |1 0  |4 0  |6 155_412300000000000_HAE_1988  |7 0  |8 A  |9 206240  |a BIBEDU  |b BIBEDU  |d 2019-11-15  |i 2740338  |o 155.4123 HAE 1988  |p 2740338  |r 2019-11-15  |w 2019-11-15  |y BK  |k EDU 
952 |0 0  |1 0  |4 0  |6 155_412300000000000_HAE_1988  |7 0  |8 A  |9 206242  |a FDOPOS  |b FDOPOS  |d 2019-11-15  |i 4316347  |o 155.4123 HAE 1988  |p 4316347  |r 2025-01-22  |w 2019-11-15  |y BK  |k MLA 
952 |0 0  |1 0  |4 0  |6 155_412300000000000_HAE_1988  |7 0  |8 A  |9 206243  |a BIBEDU  |b BIBEDU  |d 2019-11-15  |i 4970403  |o 155.4123 HAE 1988  |p 4970403  |r 2019-11-15  |w 2019-11-15  |y BK  |k EPE